000 00545nam a2200205Ia 4500
005 20250508170018.0
008 008 250505s9999 xx 000 0 hin d
020 _a978-81-7138-410-5
037 _aTextual
040 _aFEDL
_beng
_cFEDL
041 _ahin
_2eng
084 _a305.42, SHA
_qFEDL
100 _aSharad Singh
245 0 _aAurat: Teen tasveerein
260 _aNew Delhi, India
_bSamayik Prakashan
_c2016
300 _a255p.
365 _aINR
_b200
942 _cTEXL
_h305.42, SHA
999 _c1398675
_d1398675